| LEADER |
01552ngm0a2200289 450 |
| 001 |
16845635 |
| 100 |
|
|
|a 20201127d2021 u u0frey01 ba
|
| 101 |
1 |
|
|a eng
|c eng
|
| 102 |
|
|
|a GB
|
| 200 |
0 |
|
|a commitments (Les)
|f Alan Parker, réal.
|g Roddy Doyle, adapt. - Dick Clement, Ian La Frenais, Roddy Doyle, scénario - Robert Arkins, Michael Aherne, Angeline Ball, Maria Doyle Kennedy, Dave Finnegan, Bronagh Gallagher, ... [et al.] act.
|
| 207 |
|
1 |
|a
|
| 215 |
|
|
|a 1 DVD vidéo monoface zone 2 (1 h 55 min)
|c 16/9, coul. (PAL), son. (Dolby digital 5.1)
|
| 300 |
|
|
|a Langues principales : anglais, français; Sous-titres : français
|
| 330 |
|
|
|a Jimmy Rabbitte est un visionnaire. Il caresse le rêve d'importer la soul music à Dublin, en Irlande. Lorsque ses amis Derek et Outspan lui proposent d'être le manager de leur groupe, Jimmy accepte mais à ses propres conditions. Dans un journal local, Jimmy édite une annonce qui dit : 'Etes-vous Soul ? Si oui, le groupe le plus bosseur du monde vous attend?'. Ainsi commence la légende des Commitments...
|
| 700 |
|
0 |
|a Parker
|b Alan
|4 370
|
| 702 |
|
0 |
|a Doyle
|b Roddy
|4 100
|
| 702 |
|
0 |
|a Clement
|b Dick
|4 690
|
| 702 |
|
0 |
|a La Frenais
|b Ian
|4 690
|
| 702 |
|
0 |
|a Arkins
|b Robert
|4 5
|
| 702 |
|
0 |
|a Aherne
|b Michael
|4 5
|
| 702 |
|
0 |
|a Ball
|b Angeline
|4 5
|
| 702 |
|
0 |
|a Doyle Kennedy
|b Maria
|4 5
|
| 702 |
|
0 |
|a Finnegan
|b Dave
|4 5
|
| 702 |
|
0 |
|a Gallagher
|b Bronagh
|4 5
|
| 900 |
|
|
|a Film
|
| 901 |
|
|
|a Accessible au prêt
|
| 995 |
|
|
|a Bibliothèque
|c Bibliothèque
|f 00156010175669
|h 00156010175669
|k F PAR
|o p
|q a
|r gd
|e Bibliothèque
|